Rozpoznaj wykonawcę po tytule POLSKIE KLASYKI - Statystyki

Ogólne statystyki
  • Ten quiz został rozwiązany 837 razy
  • Średni wynik to 16 z 29
Statystyki odpowiedzi
Hint Odpowiedź % Poprawnych
Dziwny jest ten świat Czesław Niemen
90%
Whiskey Dżem
86%
Małgośka Maryla Rodowicz
85%
Mniej niż zero Lady Pank
83%
Pokolenie Kombi
79%
Chcemy być sobą Perfect
74%
Chciałem być Krzysztof Krawczyk
73%
Zawsze z Tobą chciałbym być Ich Troje
70%
Cykady na cykladach Maanam
70%
Rudy się żeni Big Cyc
68%
Nie dokazuj Marek Grechuta
67%
Baranek Kult
56%
To już jest koniec Elektryczne gitary
55%
12 groszy KAZIK
55%
Kwiaty we włosach Czerwone gitary
54%
Nic nie może wiecznie trwać Anna Jantar
52%
Biała flaga Republika
52%
Przeżyj to sam Lombard
47%
Czarny chleb i czarna kawa Strachy na lachy
39%
Nie liczę godzin i lat Andrzej Rybiński
37%
Windą do nieba Dwa plus jeden
37%
Eli lama sabachtani Wilki
37%
Kocham wolność Chłopcy z placu broni
35%
Nadzieja IRA
34%
Ostatnia nocka Yugopolis
33%
Załoga G Hurt
30%
Stokrotka T.Love
26%
Skóra Aya RL
18%
Nie bądź taki szybki bill Kasia Sobczyk
16%
Nie znaleziono quizów pasujących do podanych kryteriów
Rozkład punktacji
Procent ludzi z każdym wynikiem
Percentyl według liczby udzielonych odpowiedzi
Twoja historia wyników
Nie rozwiązałeś tego quizu